000 00231 a2200097 4500
001 15194
100 _aPippard A.J.S
245 _aThe experimental study of structures
260 _aLondon
_bEdward Arnold
_c
090 _c11934
_d11934
942 _aNUST-CAE
_cM
_c2152
999 _c250267
_d250267